000 00713nam a2200265 a 4500
001 40814
003 AR-BaAGN
005 20231116150218.0
007 ta
008 220625s2003 ag |||||r|||| ||||||spa d
020 _a987-20884-1-1
040 _dAR-BaAGN
_eaacr
_aAR-BaAGN
_bspa
100 1 _aCarzolio, María Inés
_95697
245 1 0 _aInclusión-exclusión :
_blas dos caras de la sociedad del antiguo régimen
250 _a1ª ed.
260 _aRosario :
_bProhistoria,
_c2003.
300 _a182 páginas
336 _2rdacontent
_btxt
337 _2rdamedia
_bn
338 _2rdacarrier
_bnc
650 4 _aHISTORIA DE EUROPA
_9744
651 4 _aEuropa
_93629
942 _cLIBRO
_n0
999 _c40814
_d40814